000
00327 a2200157 4500
001
174855
020
_a
040
_c
Magnum
100
_a
Coelho, Ronaldo Simões
240
1
0
_a
O pato poliglota
_l
por
245
1
0
_a
O pato poliglota
362
0
_a
1899
440
1
_a
Ática
697
_a
LITERATURA INFANTIL
942
_c
BK
999
_c
174855
_d
174855